What is matter & What is Life? (Record no. 352186)

MARC details
000 -LEADER
fixed length control field 004980000a22001930004500
005 - DATE AND TIME OF LATEST TRANSACTION
control field 20120302060807.0
040 ## - CATALOGING SOURCE
Original cataloging agency ENG
100 ## - MAIN ENTRY--PERSONAL NAME
Personal name Singh,Thoudam D.
100 ## - MAIN ENTRY--PERSONAL NAME
Personal name Thompson,Richard C.
245 ## - TITLE STATEMENT
Title What is matter & What is Life?
260 ## - PUBLICATION, DISTRIBUTION, ETC. (IMPRINT)
Place of publication, distribution, etc Boston:Bhaktivedanta Institute,1977
300 ## - PHYSICAL DESCRIPTION
Extent 66p.
365 ## - TRADE PRICE
Price amount Rs.
490 ## - SERIES STATEMENT
Series statement The Bhaktivedant Institute Monograph Series-No.1
650 ## - SUBJECT ADDED ENTRY--TOPICAL TERM
Topical term or geographic name as entry element Philosophy
650 ## - SUBJECT ADDED ENTRY--TOPICAL TERM
Topical term or geographic name as entry element Chemistry-Life
650 ## - SUBJECT ADDED ENTRY--TOPICAL TERM
Topical term or geographic name as entry element Chemical Evolution
942 ## - ADDED ENTRY ELEMENTS (KOHA)
Koha item type Book
Holdings
Withdrawn status Lost status Damaged status Not for loan Home library Current library Date acquired Total Checkouts Barcode Date last seen Price effective from
        Institute For Oriental Study, Thane Institute For Oriental Study, Thane 12/02/2009   IOS-10491 12/02/2009 12/02/2009